00586nam a2200205Ia 4500003000900000008004100009020001800050040001600068080001700084100002000101245010900121260004300230300001300273650001200286650002200298650001100320650002000331650000900351700002000360IN-BaIIA211028s9999 xx 000 0 eng d a81-224-0825-7 cIIA Library a539.143bMUK aMukherjee, S. N 0aPhysics of rotating nucleicS. N Mukherjee and Y. R Waghmare  aNew DelhibNew Age Internationalc1995 ax, 322p. aMoments aNuclear structure aNuclei aRotating nuclei aSpin aWaghmare, Y. R.